书目信息 |
| 题名: |
中国材料工程大典
|
|
| 作者: | ;中国机械工程学会 , 中国材料研究学会 , 中国材料工程大典编委会 编 | |
| 分册: | 第8卷 无机非金属材料工程 上册 | |
| 出版信息: | 北京 化学工业出版社 2006.03 |
|
| 页数: | 732页 | |
| 开本: | 28cm | |
| 丛书名: | ||
| 单 册: | ||
| 中图分类: | TB3-62 | |
| 科图分类: | ||
| 主题词: | 材料科学 | |
| 电子资源: | ||
| ISBN: | 7-5025-7310-0 | |
| 000 | 01038nam0 2200229 450 | |
| 001 | 0634569765 | |
| 005 | 20080926092352.99 | |
| 010 | @a7-5025-7310-0@dCNY 130.00 | |
| 100 | @a20060814d2006 km y0chiy0120 ea | |
| 101 | 0 | @achi |
| 102 | @aCN@b110000 | |
| 200 | 1 | @a中国材料工程大典@Azhong guo cai liao gong cheng da dian@h第8卷@i无机非金属材料工程 上册@f中国机械工程学会, 中国材料研究学会, 中国材料工程大典编委会编@Fzhong guo ji xie gong cheng xue hui,zhong guo cai liao yan jiu xue hui,zhong guo cai liao gong cheng da dian bian wei hui bian |
| 210 | @a北京@c化学工业出版社@d2006.03 | |
| 215 | @a732页@d28cm | |
| 517 | 1 | @a无机非金属材料工程 上册@Awu ji fei jin shu cai liao gong cheng shang ce |
| 606 | 0 | @a材料科学 |
| 690 | @aTB3-62@v4 | |
| 711 | 02 | @a中国机械工程学会@Azhong guo ji xie gong cheng xue hui@4编 |
| 711 | 02 | @a中国材料研究学会@Azhong guo cai liao yan jiu xue hui@4编 |
| 711 | 02 | @a中国材料工程大典编委会@Azhong guo cai liao gong cheng da dian bian wei hui@4编 |
| 801 | @aCN@c20080926 | |
| 905 | @apdsgxy@dTB3-62@eZ563:8 | |
| 中国材料工程大典.第8卷.无机非金属材料工程 上册/中国机械工程学会, 中国材料研究学会, 中国材料工程大典编委会编.-北京:化学工业出版社,2006.03 |
| 732页;28cm |
| ISBN 7-5025-7310-0:CNY 130.00 |
| ● |
| 相关链接 |
|
|
|
正题名:中国材料工程大典
索取号:TB3-62/Z563:8
 
预约/预借
| 序号 | 登录号 | 条形码 | 馆藏地/架位号 | 状态 | 备注 |
| 1 | 609152 | 206091520 | 自科库501/501自科库 10排1列3层/ [索取号:TB3-62/Z563:8] | 在馆 | |
| 2 | 609153 | 206091539 | 自科库501/501自科库 10排1列1层/ [索取号:TB3-62/Z563:8] | 在馆 |